Pokédex en images : Légendes Pokémon : Arceus - Statistiques

Statistiques générales
  • Ce quiz a été pris 60 fois
  • Le résultat moyen est 190 sur 242
Statistiques - réponses
Par images Réponse % Correct
Aquali
97%
Évoli
97%
Galopa
95%
M.Mime
95%
Pikachu
95%
Pyroli
95%
Ronflex
95%
Voltali
95%
Brindibou
92%
Givrali
92%
Héricendre
92%
Magicarpe
92%
Mentali
92%
Noctali
92%
Ouisticram
92%
Phyllali
92%
Pichu
92%
Ponyta
92%
Raichu
92%
Alakazam
89%
Gardevoir
89%
Insécateur
89%
Léviator
89%
Lixy
89%
Mélo
89%
Nosferapti
89%
Racaillou
89%
Tiplouf
89%
Abra
87%
Akwakwak
87%
Apitrini
87%
Baudrive
87%
Étourmi
87%
Étourvol
87%
Goinfrex
87%
Goupix
87%
Grolem
87%
Kadabra
87%
Kirlia
87%
Leveinard
87%
Luxray
87%
Magmar
87%
Magnéton
87%
Mustébouée
87%
Nostenfer
87%
Nymphali
87%
Onix
87%
Psykokwak
87%
Tarsal
87%
Arceus
84%
Capumain
84%
Cerfrousse
84%
Ceribou
84%
Chenipotte
84%
Cizayox
84%
Coudlangue
84%
Ectoplasma
84%
Étouraptor
84%
Feunard
84%
Gallame
84%
Gravalanch
84%
Keunotor
84%
Laporeille
84%
Luxio
84%
Mackogneur
84%
Magnéti
84%
Mélodelfe
84%
Mélofée
84%
Nosferalto
84%
Pachirisu
84%
Paras
84%
Parasect
84%
Rosélia
84%
Saquedeneu
84%
Togepi
84%
Typhlosion
84%
Zarbi
84%
Apireine
82%
Archéduc
82%
Castorno
82%
Efflèche
82%
Excelangue
82%
Farfuret
82%
Grodrive
82%
Leuphorie
82%
Lucario
82%
Machoc
82%
Magnézone
82%
Mime Jr.
82%
Moustillon
82%
Porygon
82%
Porygon-Z
82%
Roserade
82%
Simiabraz
82%
Simularbre
82%
Steelix
82%
Tortipouss
82%
Ursaring
82%
Voltorbe
82%
Arcanin
79%
Blindalys
79%
Caninos
79%
Capidextre
79%
Cheniselle
79%
Clamiral
79%
Cornèbre
79%
Cradopaud
79%
Dimoret
79%
Élekable
79%
Élekid
79%
Fantominus
79%
Feurisson
79%
Giratina
79%
Hachécateur
79%
Lockpin
79%
Machopeur
79%
Magirêve
79%
Motisma
79%
Obalie
79%
Oniglali
79%
Pijako
79%
Pingoléon
79%
Prinplouf
79%
Qwilfish
79%
Rhinoféros
79%
Spectrum
79%
Stalgamin
79%
Tentacool
79%
Tentacruel
79%
Togekiss
79%
Yanma
79%
Yanméga
79%
Archéomire
76%
Barbicha
76%
Blizzaroi
76%
Blizzi
76%
Carchacrok
76%
Ceriflor
76%
Cheniti
76%
Chimpenfeu
76%
Coatox
76%
Créfadet
76%
Créfollet
76%
Crikzik
76%
Dialga
76%
Électrode
76%
Élektek
76%
Griknot
76%
Magby
76%
Manzaï
76%
Mustéflott
76%
Porygon2
76%
Ptiravi
76%
Rhinocorne
76%
Riolu
76%
Scarhino
76%
Scorvol
76%
Skelénox
76%
Torterra
76%
Archéodong
74%
Babimanta
74%
Bouldeneu
74%
Chaglam
74%
Créhelf
74%
Cresselia
74%
Démanta
74%
Drascore
74%
Feuforêve
74%
Furaiglon
74%
Maganon
74%
Mammochon
74%
Manaphy
74%
Mateloutre
74%
Mélokrik
74%
Moufouette
74%
Palkia
74%
Rémoraid
74%
Rhinastoc
74%
Rozbouton
74%
Scorplane
74%
Shaymin
74%
Tarinor
74%
Tarinorme
74%
Teddiursa
74%
Tritosor
74%
Zorua
74%
Armulys
71%
Charmillon
71%
Cochignon
71%
Corboss
71%
Darkrai
71%
Démétéros
71%
Écayon
71%
Éoko
71%
Farfurex
71%
Heatran
71%
Hippopotas
71%
Kaimorse
71%
Marcacrin
71%
Moufflair
71%
Mucuscule
71%
Noctunoir
71%
Octillery
71%
Regigigas
71%
Sancoki
71%
Spiritomb
71%
Togetic
71%
Ursaking
71%
Vortente
71%
Zoroark
71%
Barloche
68%
Boréas
68%
Boskara
68%
Dinoclier
68%
Fulguris
68%
Grelaçon
68%
Papinox
68%
Phogleur
68%
Téraclope
68%
Bastiodon
66%
Cerbyllin
66%
Chaffreux
66%
Chlorobule
66%
Hippodocus
66%
Kranidos
66%
Luminéon
66%
Momartik
66%
Muplodocus
66%
Papilord
66%
Phione
66%
Séracrawl
66%
Amovénus
63%
Carmache
63%
Colimucus
63%
Gueriaigle
63%
Korillon
63%
Qwilpik
63%
Rapion
63%
Bargantua
61%
Charkos
61%
Fragilady
61%
Paragruel
53%
Aucun quiz correspondant
Distribution des résultats
% des personnes avec chaque résultat
Percentile par nombre de réponses
Votre historique - résultats
Vous n’avez pas pris ce quiz